1990s Country Quiz - Statistics

General Stats
  • This quiz has been taken 252 times
  • The average score is 7 of 15
Answer Stats
Question Answer % Correct
Which Country Gained Independence From The USSR Last
74%
Which Nation Here Was NOT In NATO
74%
Which One Of These Countries Are The Biggest
71%
Which Nation Was The Only Superpower After The USSR Collapse
66%
Who Did NOT border Poland In 1990
66%
Did Korea Unite After The Collapse Of The USSR No
63%
Did NATO Disband After The USSR Collapsed No
61%
Which Country Gained Independence From The USSR First
58%
Did Yugoslavia Collapse After The USSR Yes Brutally
50%
Which One Of These Nations Existed In 1992
37%
How Many Countries Were In The EU In 1999 14
34%
Non NATO Nordic Nation
29%
How Many Nations Were In NATO In 1990 12
18%
Which Easter European Nations Is Not In NATO In 1999
16%
Which Nation Did NOT Change Its Flag In The 1990's
11%
No matching quizzes found
Score Distribution
Percent of People with Each Score
Percentile by Number Answered
Your Score History
You have not taken this quiz